| 000 | 00971nam a22002651u 4500 | ||
|---|---|---|---|
| 001 | 03001 | ||
| 003 | HDC | ||
| 007 | cr bn --- | ||
| 008 | 201226p2015 xx fo d 00 indg | ||
| 040 | _aHDC | ||
| 100 |
_aDanang Waskito, _eauthor _91675 |
||
| 245 | 0 |
_aPENGARUH SERTIFIKASI HALAL, KESADARAN HALAL, DAN BAHAN MAKANAN TERHADAP MINAT BELI PRODUK MAKANAN HALAL / _cby Danang Waskito |
|
| 260 |
_a[No Place] : _b[publisher not identified], _c2015 |
||
| 300 | _a115 pages | ||
| 336 |
_atext _2rdacontent |
||
| 337 |
_acomputer _2rdamedia |
||
| 338 |
_aonline resource _2rdacarrier |
||
| 650 |
_aHalal food industry _xCertification _zIndonesia _9837 |
||
| 650 |
_aHalal food industry _zIndonesia _9869 |
||
| 650 |
_aHalal food _950 |
||
| 856 | _zRequest full-text at [email protected] | ||
| 942 | _2lcc | ||
| 942 | _cTHE | ||
| 942 | _kTHES 000065 | ||
| 999 |
_c387 _d387 |
||